000
00486nam a2200145Ia 4500
008
100122s9999 xx 000 0 und d
082
_b
20924
_a
823
100
_a
कवठेकर दत्त रघुनाथ
245
_a
स्वप्न वेग सरे
260
_b
पंडित अनंत कुलकर्णी
_c
1974
300
_a
162
630
_a
स्वप्न वेग सरे
730
_a
स्वप्न वेग सरे
942
_c
BOOK
999
_c
409223
_d
409220